Wheel of Time Aes Sedai over 200 - Statistics

General Stats
  • This quiz has been taken 164 times
    65 since last reset
  • The average score is 10 of 24
Answer Stats
Ajah Age Aes Sedai % Correct
Green 295 Cadsuane Melaidhrin
88%
Yellow 274 Romanda Cassin
63%
Brown 248 Jesse Bilal
50%
White 281 Meilyn Arganya
50%
Green 202 Merise Haindehl
50%
Brown 265 Adeleas Namelle
38%
Green 204 Adelorna Bastine
38%
Gray 282 Aisha Raveneos
38%
Red 236 Duhara Basaheen
38%
White 273 Ferane Neheran
38%
Blue 306 Gitara Moroso
38%
Gray 223 Jarna Malari
38%
Blue 288 Marith Jaen
38%
Brown 223 Morvrin Thakanos
38%
Brown 219 Saerin Asnobar
38%
White 304 Sereille Bagand
38%
Gray 200* Shahal Comanli
38%
Gray 248 Sierin Vayu
38%
Yellow 216 Suana Dragand
38%
Green 263 Vandene Namelle
38%
Red 258 Bonwhin Meraighdin
25%
Gray 247 Larelle Tarsi
25%
Blue 263 Merean Redhill
25%
Brown 232 Valera Gorovni
25%
No matching quizzes found
Score Distribution
Percent of People with Each Score
Percentile by Number Answered
Your Score History
You have not taken this quiz since the last reset